[Event "Porto district-ch U16"]
[Site "Porto"]
[Date "2004.02.22"]
[Round "5"]
[White "Machado, Manuel Antonio Ribe"]
[Black "Caramez Pereira, Antonio PD"]
[Result "0-1"]
[WhiteElo "1801"]
[BlackElo "1801"]
[PlyCount "74"]
[EventDate "2004.02.??"]
[EventType "tourn"]
[EventRounds "9"]
[EventCountry "POR"]
[SourceTitle "EXT 2005"]
[Source "ChessBase"]
[SourceDate "2004.11.15"]
[SourceVersion "1"]
[SourceVersionDate "2004.11.15"]
[SourceQuality "1"]

1. e4 c5 2. Nf3 d6 3. d4 cxd4 4. Qxd4 Nc6 5. Bb5 Bd7 6. Qa4 a6 7. Bxc6 Bxc6 8. Qb4 e6 9. Nc3 d5 10. Qd4 dxe4 11. Qxd8+ Rxd8 12. Ng5 Bb4 13. Bd2 Nf6 14. Ncxe4 Nxe4 15. Nxe4 Be7 16. f3 0-0 17. 0-0-0 f6 18. Ba5 Rxd1+ 19. Rxd1 Kf7 20. Bb6 Rc8 21. Nd6+ Bxd6 22. Rxd6 e5 23. Kd2 e4 24. fxe4 Bxe4 25. Rd7+ Kg6 26. Rc7 Rxc7 27. Bxc7 Bxg2 28. Bg3 Kf5 29. Ke3 g5 30. b4 h5 31. a4 Bc6 32. a5 Kg4 33. Kd4 f5 34. Be5 f4 35. Kd3 Kh3 36. Bf6 f3 37. Ke3 Kg2 0-1